000 00827cab a2200217 4500
001 WB3222-23
008 090401t1996 xxu||||| |||| 00| 0 eng d
035 _a(Sirsi) u20796
041 _aeng
245 _aMortgage deal to encourage more landlords
260 _c1996
350 _a0
490 _aSunday Times
_vMoney 2 June 1996, 1(1)
520 _aThe Association of Residential Letting Agents has so far encouraged the Woolwich and Homeloans Direct to offer lower mortgage rates to borrowers wishing to let their properties, in a bid to encourage growth in the private rented sector.
650 _aASSOCIATION OF RESIDENTIAL LETTING AGENTS
650 _aMORTAGAGES
650 _aPRIVATE RENTED SECTOR
690 _aPROPERTY-RESIDENTIAL PROPERTY-RESIDENTIAL PROPERTY MARKET
942 _n0
948 _c04/03/1997
999 _c13936
_d13936